Sonata dlja skripki i fortep'jano

Hlavní autor: Mušel', Georgij Aleksandrovič, 1909-1989
Jazyk: Nelze použít, není lingvistický obsah
Vydáno: Moskva : Sovetskij kompozitor, 1958
Fyzický popis: 12, 42 s.
Hudebniny Hudebniny
Uloženo v:
LEADER 00718ncm a22002052a 4500
001 001230010
003 CZ BrMZK
005 20120712085832.0
007 qu
008 120712s1958 ru |||||||||||||||||zxx d
040 |a BOA001  |b cze 
072 7 |a 787  |x Hudba pro strunné a smyčcové nástroje  |2 Konspekt  |9 9 
100 1 |a Mušel', Georgij Aleksandrovič,  |d 1909-1989  |7 jn20031218018  |4 cmp 
245 1 0 |a Sonata dlja skripki i fortep'jano  |h [hudebnina] /  |c Georgij Aleksandrovič Mušel' 
260 |a Moskva :  |b Sovetskij kompozitor,  |c 1958 
300 |a 12, 42 s. 
910 |a BOA001  |b Mus4-0417.915 
990 |a MU 
991 |b 201207 
996 6 |b 2619029053  |c Mus4-0417.915  |l MZK  |r Sklad / do 1 hodiny  |n 0  |w 001263793  |u 000010  |a 1  |e BOA001  |j MZK50  |s P